000 00923nam a2200253 i 4500
001 66688
003 ES-MaACL
005 20230906165759.0
007 t|
008 030513s2003 sp ||||0| spa d
020 _a84-249-2355-7
040 _aM-BN
_bspa
_cM-BN
080 _a821.134.2 Martín Gaite, Carmen 1.07
100 1 _aJurado Morales, José.
_967327
245 1 3 _aLa trayectoria narrativa de Carmen Martín Gaite (1925-2000) /
_cJosé Jurado Morales.
260 _aMadrid :
_bGredos,
_c[2003]
300 _a543 p. ;
_c20 cm.
490 1 _aBiblioteca románica hispánica. II. Estudios y ensayos ;
_v428
504 _aBibliografía: p. [469]-507. Indice.
600 1 4 _aMartín Gaite, Carmen,
_d1925-2000-
_xCrítica e interpretación
_977498
830 0 _aBiblioteca románica hispánica. II. Estudios y ensayos ;
_v428
_9178108
852 _aES-MaACL
_jL-27165
_bR.132749
999 _c66688
_d66688